000 00331nam a2200157Ia 4500
100 _aSedha/R/S
650 _aApplied electronics
942 _cBK
366 _f20
245 _aText book fo applied electronics
260 _bS.Chand & C0
_c1990
082 _a621.382
_bSED
300 _a992
546 _aENGLISH
999 _c32180
_d32180